| 000 | 01935nam0a2200385 4500 | ||
|---|---|---|---|
| 001 | RU\NLR\BIBL_A\012396858 | ||
| 005 | 20211130104241.0 | ||
| 010 |
_a978-5-93121-465-8 _9100 |
||
| 021 |
_aRU _bКН-П-20-040874 _9КН-П-20-3104 |
||
| 035 | _a(NLR Aleph) 012396858 | ||
| 035 | _a(RuMoRGB)010375136 | ||
| 090 |
_a11703611 _c11703611 |
||
| 100 | _a20201103d2020 u y0rusy50 ca | ||
| 101 | 0 | _arus | |
| 102 | _aRU | ||
| 105 | _aagzzzz||000zy | ||
| 181 | 0 |
_ai _baxxe |
|
| 182 | 0 | _an | |
| 200 | 1 |
_aМимодрама "Дочь Гудулы" (музыкальный портрет на фоне начала XX века) _e[о постановке московского балетмейстера А.А. Горского - мелодраме "Дочь Гудулы"] _fА. П. Груцынова |
|
| 203 |
_aТекст _bвизуальный _cнепосредственный |
||
| 210 |
_aМосква _cАльтекс _d2020 |
||
| 215 |
_a299 с. _cил., нот., табл. _d20 |
||
| 320 | _aБиблиогр. в подстроч. примеч. | ||
| 500 | 1 | 0 | _aДочь Гудулы |
| 600 | 1 |
_aГорский _bА. А. _f1871 - 1924 _gАлександр Алексеевич _91076776 _3RU\NLR\AUTH\66101551 |
|
| 604 |
_1700#1$aСимон$bА.Ю.$gАнтон Юльевич$f1850 - 1916 _1500##$a"Дочь Гудулы"$2nlr_sh2$3RU\NLR\AUTH\6601677962 _aСимон, Антон Юльевич (1850 - 1916) _t"Дочь Гудулы" _92457267 _3RU\NLR\AUTH\6601677962 |
||
| 686 | 1 | _aЩ313(2Р=Рус)53-81Симон 474.2 | |
| 686 | 1 | _aЩ335.423(2Р=Рус)53-85Горский | |
| 700 | 1 |
_aГруцынова _bА. П. _gАнна Петровна |
|
| 702 | 1 |
_4570 _7ca _8rus _aГорский _bА. А. _f1871-1924 _gАлександр Алексеевич _953944 _3RU\NLR\AUTH\7771016 |
|
| 942 | _cBOOK | ||
| 980 | _aNBR | ||
| 980 | _aNB | ||